Catalyst Prime: KINO #2 /

Major Alistair Meath of Britain's Royal Air Force helped save the world and is now using his amazing kinetic energy powers to fight evil as the superhero called KINO. But the British intelligence agency, MI6, has sent agent Devlin Gilmour on a worldwide hunt to recover Meath's corpse. How...

Full description

Bibliographic Details
Corporate Author: Library Pass, LLC
Other Authors: Casey, Joe (writer.)
Format: eBook
Language:English
Published: [United States] : Lion Forge Comics, 2018.
Subjects:
Online Access:Connect to this electronic book (First time users create your free account)

MARC

Tag First Indicator Second Indicator Subfields
LEADER 00000nmm a22000001a 4500
001 in00004619413
006 m|||||o||m||||||||
007 cr|cn |||uuuuu
008 221118s2018 xxu||||eo|||| ||||||eng d
005 20221207215735.5
035 |a (TxWaIVM)IV74985LiKI 
040 |a TxWaIVM  |c TxWaIVM 
245 0 0 |a Catalyst Prime: KINO #2 /  |c powered by Library Pass. 
260 3 |a [United States] :  |b Lion Forge Comics,  |c 2018. 
300 |a 1 online resource. 
336 |a text  |b txt  |2 rdacontent 
337 |a computer  |b c  |2 rdamedia 
338 |a online resource  |b cr  |2 rdacarrier 
520 |a Major Alistair Meath of Britain's Royal Air Force helped save the world and is now using his amazing kinetic energy powers to fight evil as the superhero called KINO. But the British intelligence agency, MI6, has sent agent Devlin Gilmour on a worldwide hunt to recover Meath's corpse. How can the most amazing hero in the world be alive and dead at the same time? 
521 |a 3 
538 |a Requires a valid library card and registration for new users. 
538 |a Mode of access: World Wide Web. 
538 |a System requirements: Flash 10.1 or higher, Windows XP and higher, Internet Explorer 7 and higher, Firefox 3.6 and higher, Google Chrome; Max OS 10.5 and higher, Safari 4 and higher. 
650 0 |a Comic books, strips, etc. 
655 7 |a Electronic books.  |2 local 
655 7 |a Comic books, strips, etc.  |2 gsafd 
650 0 |a Comic books, strips, etc. --Military 
655 7 |a Comic books, strips, etc. --Military  |2 gsafd 
650 0 |a Comic books, strips, etc. --Superheroes 
655 7 |a Comic books, strips, etc. --Superheroes  |2 gsafd 
700 1 |a Casey, Joe.  |e writer. 
700 1 |a Palo, Jefte.  |e artist. 
710 2 |a Library Pass, LLC. 
856 4 0 |u http://proxy.library.tamu.edu/login?url=https://tamu.librarypass.com/product/com.iversecomics.lion.forge.comics.kino.two.english.01152018  |z Connect to this electronic book (First time users create your free account)  |t 0 
955 |a Comics Plus. 
999 f f |s 83460086-6324-4d86-b6cb-7c8a814e2253  |i 2ba10a73-06ac-428b-9ae2-3b718da24db9  |t 0 
952 f f |a Texas A&M University  |b College Station  |c Electronic Resources  |d Available Online  |t 0  |h Library of Congress classification 
998 f f |t 0  |l Available Online